000 01478cam a2200385 a 4500
001 EDZ0000020813
003 StDuBDS
005 20161031105141.0
006 m||||||||d||||||||
007 cr |||||||||||
008 110207s2011 cau fo| 001|0|eng|d
020 _a9781412994132 (ebook) :
_cNo price
040 _aStDuBDS
_beng
_cStDuBDS
_epn
049 _aAlfaisal Main Library
050 0 _aHV9069
_b.J7785 2011
082 0 4 _a364.36
_223
245 0 0 _aJuvenile crime and justice
_h[electronic resource] /
_cWilliam Chambliss, general editor.
260 _aThousand Oaks, Calif. :
_bSAGE,
_c2011.
300 _a1 online resource (xv, 336 p.).
490 1 _aKey issues in crime and punishment
520 8 _aThe 20 chapters in this title address various hotly debated topics along three loosely connected themes: prevention, prosecution, and corrections.
521 _aSpecialized.
588 _aDescription based on print version record.
504 _aIncludes bibliographical references and index.
650 0 _aJuvenile delinquency.
650 0 _aJuvenile justice, Administration of.
655 7 _aElectronic books.
_2local
700 1 _aChambliss, William J.
710 2 _aSage eBooks
730 0 _aSAGE reference online.
776 0 8 _iPrint version :
_z9781412974646
830 0 _aKey issues in crime and punishment.
856 4 0 _uhttp://ezproxy.alfaisal.edu/login?url=http://sk.sagepub.com/reference/juvenilecrimejustice
942 _2lcc
_cEBOOKS
999 _c480404
_d480404